000 00919nam a2200301Ia 4500
001 Z_5199
003 CHAP
008 220113s2004 xx 000 0 und d
010 _a168260
040 _cCHAP
090 _aTesis R 1834
100 _aReyes Dionicio, Juan Manuel
_996809
245 _aSistemas de crianza de becerros en ganado de doble propósito /
_cpor Juan Manuel Reyes Dionicio y Heriberto Zacatula Mier
260 _aChapingo, Méx. :
_bEl autor,
_c2004
300 _a59 h.
502 _aTesis (Ing. Agr. Esp. en Zootecnia) -- UACH. Departamento de Zootecnia
650 _aBecerros
_xAlimentación
_911172
650 _aDestete
_932201
650 _aGanado lechero
_xCría de
_945252
650 _aGanado vacuno
_xTrópicos
_945522
700 _aZacatula Mier, Heriberto
_9123421
901 _aTESIS R 1834
902 _aM
910 _a2004
942 _c2
942 _c2
999 _c168260
_d168260